00952nas a2200277Ia 4500001001300000003001000013008004100023040002500064041001300089100002100102210001100123222001100134245003900145250001100184260000900195501012300204300001400327362002000341500008100361650001900442700001100461942000700472957000600479999003300485952015600518dg117-53625 IT-MiCISF161014c99999999xx |||||||||||| ||und|| aIT-MiCISFcIT-MiCISF aFRANCESE aTournier Pascale aLa vie aLa vie 0aLes nouveaux débats du feminisme a1a ed. c2016 bCISF - Centro Internazionale Studi Famiglia - Via Giotto, 36 20145 MILANO (non commercial uses only)cCopyright 2016 app. 16-25 a n. 3679 [2016] aTema: donna, femminismo, società, stupro, madre-in-affitto, aborto, chiesa adonnavdossier aAA.VV. cCR 71 a53625bSig1c220338d220338 0010406DG_1175362571aCISFbCISFd2016-10-14l0odg117-53625 r2016-10-14 00:00:00w2016-10-14yCRzData import 15.10.2016 / by Epidotti, Vaglietti